Normal view MARC view
  • Harrison and Son

Entry Corporate Name

Number of records used in: 1

001 - CONTROL NUMBER

  • control field: 5425

003 - CONTROL NUMBER IDENTIFIER

  • control field: OSt

005 - DATE AND TIME OF LATEST TRANSACTION

  • control field: 20190806150242.0

008 - FIXED-LENGTH DATA ELEMENTS

  • fixed length control field: 071029n| acannaabn |n ana d

040 ## - CATALOGING SOURCE

  • Original cataloging agency: OSt
  • Transcribing agency: OSt

110 2# - HEADING--CORPORATE NAME

  • Corporate name or jurisdiction name as entry element: Harrison and Son

670 ## - SOURCE DATA FOUND

  • Source citation: Maid's Morton near Buckingham, [1866]